000 00620cad a2200181 4500
001 L152394
008 110301n2010 000 0 eng u
035 _a(Sirsi) u152394
041 0 _aeng
110 2 _aRider Levett Bucknall
_95520
245 0 0 _aRider Levett Bucknall
_h[electronic resource]
520 _aRider Levett Bucknall is a global property and construction company; source of market intelligence.
590 _aKA
651 4 _aInternational
690 _aBUILT ENVIRONMENT-CONSTRUCTION MARKET
856 4 0 _uhttps://www.rlb.com/index.html
_zView the website free of charge at www.rlb.com
942 _n0
999 _c120897
_d120897